Welcome to CU Library Online Public Access Catalogue (OPAC)

Introductory algebra / (Record no. 1483)

MARC details
000 -LEADER
fixed length control field 00640pam a2200217 a 4500
001 - CONTROL NUMBER
control field 2332733
005 - DATE AND TIME OF LATEST TRANSACTION
control field 20241122175555.0
008 - FIXED-LENGTH DATA ELEMENTS--GENERAL INFORMATION
fixed length control field 820715s1983 maua 001 0 eng
020 ## - INTERNATIONAL STANDARD BOOK NUMBER
International Standard Book Number 0201147858 (pbk.)
050 10 - LIBRARY OF CONGRESS CALL NUMBER
Classification number QA152.2
Item number .K43 1983
082 00 - DEWEY DECIMAL CLASSIFICATION NUMBER
Classification number 512.9
Edition information 19
100 1# - MAIN ENTRY--PERSONAL NAME
Personal name Keedy, Mervin Laverne.
245 10 - TITLE STATEMENT
Title Introductory algebra /
Statement of responsibility, etc. Mervin L. Keedy, Marvin L. Bittinger.
250 ## - EDITION STATEMENT
Edition statement 4th ed.
260 ## - PUBLICATION, DISTRIBUTION, ETC.
Place of publication, distribution, etc. Reading, Mass. :
Name of publisher, distributor, etc. Addison-Wesley Pub. Co.,
Date of publication, distribution, etc. c1983.
300 ## - PHYSICAL DESCRIPTION
Extent xv, 536, 41, 5 p. :
Other physical details ill. ;
Dimensions 28 cm.
500 ## - GENERAL NOTE
General note Includes index.
650 #0 - SUBJECT ADDED ENTRY--TOPICAL TERM
Topical term or geographic name entry element Algebra.
700 1# - ADDED ENTRY--PERSONAL NAME
Personal name Bittinger, Marvin L.
942 ## - ADDED ENTRY ELEMENTS (KOHA)
Source of classification or shelving scheme Library of Congress Classification
Koha item type Books
Edition 4th ed.
Suppress in OPAC No
999 ## -
-- 1483
-- 1483
Holdings
Withdrawn status Lost status Source of classification or shelving scheme Damaged status Not for loan Collection Home library Current library Shelving location Date acquired Total checkouts Full call number Barcode Date last seen Copy number Price effective from Koha item type
    Library of Congress Classification     Non-fiction Science Library (Miotso) Science Library (Miotso) General stacks 11/22/2024   QA152.2 .K43 KEE SLM00000785 11/22/2024 1 11/22/2024 Books
© 2023-2024 Copyright: Central University Libraries. All Rights Reserved | Created by: Mahone Tech Office